000 00448nam a2200181Ia 4500
001 18915
005 20260306171705.0
008 260306s9999||||xx |||||||||||||| ||und||
041 _aESP
082 _a658.562
_bE76
100 _aEscalante Vásquez, Edgardo J.
_eAUT
245 0 _aAnálisis y mejoramiento de la calidad
260 _c2006
300 _a458 páginas :
_c15 cm.
650 _aGEN
654 _aCAN
942 _cLIB
_dJUS
_fJUS
_2ddc
_n
999 _c18915
_d18915